| 000 | 01019nam a2200241 a 4500 | ||
|---|---|---|---|
| 001 | 000021015 | ||
| 005 | 20200930011219.0 | ||
| 008 | 100830s1973 dr 000 0 spa d | ||
| 040 |
_aDO-SdBNP _bspa _cBNPHU |
||
| 082 |
_a972.93 _bT266r |
||
| 100 | 1 |
_aTejera, Apolinar _943974 |
|
| 245 | 1 | 0 |
_aRectificaciones históricas / _cApolinar Tejera ; con introd. y reseña crítica bibliográfica de Jorge Tena Reyes ; Indice de una vida ilustre del Lic. Vetilio Alfau Durán. |
| 260 |
_aSanto Domingo : _bLa moderna, _c1973. |
||
| 300 |
_a401 p. ; _c23 cm. |
||
| 490 | 1 |
_aBiblioteca Pedro Henríquez Ureña _v2 |
|
| 500 | _aIncluye referencias bibliográficas y notas al pie de las páginas | ||
| 590 | _aInventariado, 2019/MFF | ||
| 651 | 4 |
_aRepública Dominicana _xHistoria _9170 |
|
| 700 | 1 |
_aTena Reyes, Jorge. _tLa bella catalina. _943975 |
|
| 700 | 1 |
_aDurán, Vitilio Alfau. _tIndice de una vida ilustre. _943976 |
|
| 830 | 0 |
_aBiblioteca Pedro Henríquez Ureña; _v2 _938832 |
|
| 910 | _aValidado. Control de calidad MFF | ||
| 999 |
_c20518 _d20518 |
||